[Event "XXIV Open"]
[Site "Cappelle La Grande FRA"]
[Date "2008.02.18"]
[Round "3"]
[White "Salgado Lopez,I"]
[Black "Deviatkin,A"]
[Result "1/2-1/2"]
[WhiteElo "2459"]
[BlackElo "2543"]
[EventDate "2008.02.16"]

1. e4 e5 2. Nf3 d6 3. d4 exd4 4. Nxd4 Nf6 5. Nc3 Be7 6. g3 Nc6 7. Nxc6 bxc6
8. Bg2 Nd7 9. O-O O-O 10. b3 Bf6 11. Bb2 Bb7 12. Re1 Rb8 13. Qd2 c5 14.
Rad1 Re8 15. Bc1 Bc6 16. Nd5 Be5 17. Qa5 Nb6 18. Bd2 Ra8 19. c3 g6 20. c4
Bxd5 21. cxd5 Qf6 22. Qa6 Bd4 23. Be3 Bxe3 24. Rxe3 Qb2 25. Rde1 Re7 26. a4
Rae8 27. Bf1 Qd4 28. Bb5 Nxd5 29. exd5 Rxe3 30. Rxe3 Rxe3 31. fxe3 Qxe3+
32. Kf1 Qf3+ 33. Kg1 Qe3+ 34. Kg2 Qe4+ 35. Kf2 Qd4+ 36. Kf1 Qd1+ 37. Kf2
Qd4+ 38. Kf1 1/2-1/2

[Event "XXIV Open"]
[Site "Cappelle La Grande FRA"]
[Date "2008.02.18"]
[Round "3"]
[White "Fedorchuk,S"]
[Black "Rasmussen,A"]
[Result "1-0"]
[WhiteElo "2652"]
[BlackElo "2468"]
[EventDate "2008.02.16"]

1. e4 c6 2. d4 d5 3. Nd2 dxe4 4. Nxe4 Nd7 5. Ng5 Ngf6 6. Bd3 e6 7. N1f3 Bd6
8. Qe2 h6 9. Ne4 Nxe4 10. Qxe4 Qc7 11. O-O b6 12. Qg4 Kf8 13. b3 Bb7 14.
Bb2 Nf6 15. Qh3 Nd5 16. g3 Nb4 17. Be4 f5 18. Nh4 Qf7 19. a3 Nd5 20. Bxd5
cxd5 21. Nf3 Rc8 22. Rac1 Qf6 23. Rfe1 g5 24. Ne5 Kg7 25. c4 Kh7 26. c5
Bxe5 27. Rxe5 bxc5 28. Rce1 Rhe8 29. Qh5 c4 30. bxc4 Qg6 31. Qxg6+ Kxg6 32.
c5 Kf6 33. f3 Rb8 34. Bc1 Bc6 35. Kf2 Bd7 36. h4 gxh4 37. gxh4 h5 38. Rg1
Rb3 39. Bf4 Rxa3 40. Re2 Kf7 41. Rb2 Rg8 42. Rxg8 Kxg8 43. Rb7 Be8 44. Kg3
a5 45. Be5 f4+ 46. Kxf4 a4 47. Kg5 Rxf3 48. Kh6 Bc6 49. Rb6 Be8 50. Rb8 Kf8
51. c6 Ke7 52. Rb7+ 1-0

[Event "XXIV Open"]
[Site "Cappelle La Grande FRA"]
[Date "2008.02.18"]
[Round "3"]
[White "Tunik,G"]
[Black "Vitiugov,N"]
[Result "1/2-1/2"]
[WhiteElo "2473"]
[BlackElo "2609"]
[EventDate "2008.02.16"]

1. d4 Nf6 2. c4 c5 3. d5 d6 4. Nc3 g6 5. e4 Bg7 6. Nf3 O-O 7. Bd3 Bg4 8. h3
Bxf3 9. Qxf3 Nfd7 10. Qd1 Na6 11. O-O e6 12. Be2 Nf6 13. Rb1 Re8 14. dxe6
Rxe6 15. Bf3 Nb4 16. e5 dxe5 17. Bxb7 Rb8 1/2-1/2

[Event "XXIV Open"]
[Site "Cappelle La Grande FRA"]
[Date "2008.02.18"]
[Round "3"]
[White "Petrosian,TL"]
[Black "Hammer,J"]
[Result "1-0"]
[WhiteElo "2606"]
[BlackElo "2441"]
[EventDate "2008.02.16"]

1. e4 e5 2. Nf3 Nf6 3. Nxe5 d6 4. Nc4 Nxe4 5. d4 d5 6. Ne3 c6 7. Bd3 Nd6 8.
O-O Be7 9. b3 O-O 10. c4 dxc4 11. bxc4 b6 12. Bb2 Bf6 13. Qf3 g6 14. Nd2
Bg7 15. Rad1 Bb7 16. Qg3 f5 17. Nc2 Na6 18. c5 bxc5 19. dxc5 Nxc5 20. Nc4
Ba6 21. Bxg7 f4 22. Qh3 Kxg7 23. Bxg6 Bxc4 24. Qxh7+ Kf6 25. Qh6 Bxf1 26.
Bh5+ Ke5 27. Nd4 Qf6 28. Nxc6+ Ke6 29. Bg4+ Nf5 30. Bxf5+ Kf7 31. Qh5+ 1-0

[Event "XXIV Open"]
[Site "Cappelle La Grande FRA"]
[Date "2008.02.18"]
[Round "3"]
[White "Vavrak,P"]
[Black "Malakhatko,V"]
[Result "1/2-1/2"]
[WhiteElo "2472"]
[BlackElo "2600"]
[EventDate "2008.02.16"]

1. d4 d5 2. c4 c6 3. Nc3 Nf6 4. cxd5 cxd5 5. Nf3 Nc6 6. Bf4 a6 7. Rc1 Bf5
8. e3 Rc8 9. Bd3 Bxd3 10. Qxd3 e6 11. O-O Be7 12. Bg5 Nd7 13. Bxe7 Qxe7 14.
Na4 O-O 15. Nc5 Nxc5 16. Rxc5 Nb4 17. Qc3 Rxc5 18. dxc5 Nc6 19. b4 Rc8 20.
Rd1 Qf6 1/2-1/2

[Event "XXIV Open"]
[Site "Cappelle La Grande FRA"]
[Date "2008.02.18"]
[Round "3"]
[White "Oleksienko,M"]
[Black "Dembo,Y"]
[Result "1-0"]
[WhiteElo "2590"]
[BlackElo "2427"]
[EventDate "2008.02.16"]

1. e4 c5 2. Nf3 Nc6 3. d4 cxd4 4. Nxd4 Nf6 5. Nc3 d6 6. f3 e5 7. Nb3 Be7 8.
Be3 Be6 9. Nd5 Bxd5 10. exd5 Nb4 11. c4 a5 12. Qd2 b6 13. Be2 O-O 14. O-O
Na6 15. Nc1 Nc5 16. Bd1 Nfd7 17. Ne2 f5 18. Bc2 g6 19. b3 Nf6 20. a3 Ncd7
21. Nc3 Nh5 22. Nb5 Ndf6 23. b4 f4 24. Bf2 Ne8 25. Rfe1 Bh4 26. Bxh4 Qxh4
27. c5 bxc5 28. bxc5 g5 29. cxd6 g4 30. Nc7 Nxc7 31. dxc7 gxf3 32. d6 fxg2
33. Qf2 Qf6 34. d7 f3 35. Be4 Nf4 36. Qxf3 Qb6+ 37. Qe3 Qb2 38. Bf5 1-0

[Event "XXIV Open"]
[Site "Cappelle La Grande FRA"]
[Date "2008.02.18"]
[Round "3"]
[White "Savchenko,B"]
[Black "Sher,M"]
[Result "1-0"]
[WhiteElo "2589"]
[BlackElo "2420"]
[EventDate "2008.02.16"]

1. e4 c5 2. Nf3 d6 3. d4 cxd4 4. Nxd4 Nf6 5. Nc3 Nc6 6. Bc4 e6 7. Be3 a6 8.
Qe2 Qc7 9. O-O-O Be7 10. g4 Ne5 11. Bb3 Nexg4 12. Bg5 h6 13. Bd2 Ne5 14. f4
Nc6 15. Nxc6 bxc6 16. Rhg1 g6 17. e5 dxe5 18. fxe5 Nd5 19. Qf3 Nxc3 20.
Bxc3 a5 21. Rg4 h5 22. Rc4 O-O 23. Rg1 Kg7 24. Qxh5 Rh8 25. Qf3 Rxh2 26.
Rf4 Bb4 27. Rf6 Bxc3 28. Rfxg6+ 1-0

[Event "XXIV Open"]
[Site "Cappelle La Grande FRA"]
[Date "2008.02.18"]
[Round "3"]
[White "Gharamian,T"]
[Black "Rojas,L"]
[Result "1/2-1/2"]
[WhiteElo "2558"]
[BlackElo "2414"]
[EventDate "2008.02.16"]

1. e4 e6 2. d4 d5 3. Nc3 Bb4 4. e5 c5 5. a3 Bxc3+ 6. bxc3 Qa5 7. Bd2 Qa4 8.
Qg4 Kf8 9. Qd1 b6 10. c4 Ne7 11. dxc5 bxc5 12. c3 Qxd1+ 13. Rxd1 Ba6 14.
Bg5 Nbc6 15. Nf3 Bxc4 16. Bxc4 dxc4 17. Be3 Nd5 18. Bxc5+ Ke8 19. Kd2 Rb8
20. Rb1 Kd7 21. Bd6 Rb6 22. Bc5 Rbb8 23. Bd6 Rb6 24. Bc5 1/2-1/2

[Event "XXIV Open"]
[Site "Cappelle La Grande FRA"]
[Date "2008.02.18"]
[Round "3"]
[White "Borsuk,A"]
[Black "Gulko,B"]
[Result "0-1"]
[WhiteElo "2312"]
[BlackElo "2550"]
[EventDate "2008.02.16"]

1. d4 e6 2. Nf3 c5 3. e3 Nf6 4. Bd3 b6 5. O-O Bb7 6. c4 g6 7. Nc3 Bg7 8. b3
O-O 9. Bb2 Nc6 10. Rc1 cxd4 11. exd4 d5 12. cxd5 Nxd5 13. Nxd5 Qxd5 14. Bc4
Qd6 15. Qe2 Nxd4 16. Nxd4 Bxd4 17. Bxd4 Qxd4 18. Rfd1 Qf6 19. Rd7 Bxg2 20.
Qe3 Bc6 21. Rc7 Bd5 22. Bxd5 exd5 23. Rd7 Qf5 24. Rcc7 Rae8 25. Re7 d4 26.
Qd2 Rxe7 27. Rxe7 a5 28. Rb7 Qb1+ 0-1

[Event "XXIV Open"]
[Site "Cappelle La Grande FRA"]
[Date "2008.02.18"]
[Round "3"]
[White "Cieza,A"]
[Black "Cyborowski,L"]
[Result "0-1"]
[WhiteElo "2294"]
[BlackElo "2543"]
[EventDate "2008.02.16"]

1. e4 c5 2. Nf3 e6 3. Qe2 Nc6 4. c3 e5 5. d3 d6 6. Qc2 g6 7. Be2 Bg7 8. h4
Nf6 9. Na3 h6 10. Nh2 Be6 11. Be3 Qe7 12. c4 Nd4 13. Bxd4 cxd4 14. Qd2 h5
15. Nf3 Bh6 16. Qb4 O-O 17. Nb5 a6 18. Qxd6 Qxd6 19. Nxd6 Nd7 20. Ng5 Bxg5
21. hxg5 Rfb8 22. b4 Kf8 23. f4 exf4 24. O-O Ne5 25. c5 b6 26. Rxf4 Ke7 27.
Nf5+ gxf5 28. exf5 Bd7 29. f6+ Kd8 30. Rxd4 bxc5 31. bxc5 Kc7 32. Re4 Nc6
33. Bxh5 Rg8 34. Bxf7 Rxg5 35. Rf1 Ne5 36. Bc4 Bc6 37. Re2 Rf8 38. Rf4 a5
39. f7 a4 40. Rf6 Kd7 41. Rd6+ Kc7 42. Kf1 Bd7 43. Rf6 Nxc4 44. dxc4 Rxc5
45. Re4 Rc6 46. Rff4 Rg6 47. Re2 Rg7 48. Ref2 Kc6 49. Ke1 Kc5 50. Kd2 Be6
51. Kc3 Rfxf7 52. Rxf7 Bxf7 53. Rf5+ Kb6 54. g4 Be8 55. g5 Rc7 56. Kb4 Re7
57. Rf2 Re4 58. Rg2 Bf7 59. Kxa4 Bxc4 60. Ka3 Bd5 0-1

[Event "XXIV Open"]
[Site "Cappelle La Grande FRA"]
[Date "2008.02.18"]
[Round "3"]
[White "Dervishi,E"]
[Black "Hirneise,T"]
[Result "1-0"]
[WhiteElo "2543"]
[BlackElo "2324"]
[EventDate "2008.02.16"]

1. e4 c5 2. Nf3 Nc6 3. d4 cxd4 4. Nxd4 Nf6 5. Nc3 d6 6. Bc4 e6 7. Be3 Be7
8. Qe2 a6 9. O-O-O Qc7 10. Bb3 O-O 11. Rhg1 b5 12. g4 b4 13. Na4 Nxe4 14.
Nxe6 Bxe6 15. Bxe6 fxe6 16. Bb6 Bg5+ 17. Kb1 Nc3+ 18. bxc3 Qe7 19. c4 Bf4
20. Rge1 Be5 21. Qe4 Rac8 22. Be3 Na5 23. c5 Qb7 24. Qxb7 Nxb7 25. cxd6
Bxd6 26. Bd4 Rce8 27. h3 Rf3 28. Rd3 Rxd3 29. cxd3 e5 30. Be3 Rc8 31. Nb6
Rc6 32. Nc4 e4 33. Nxd6 Nxd6 34. dxe4 Nxe4 35. Kb2 Kf7 36. Rd1 Ke6 37. Rd8
Nc3 38. Kb3 Nd5 39. Bd4 Rc7 40. Ra8 Nf4 41. Rxa6+ Kd5 42. Be3 Nd3 43. Ra5+
Ke4 44. Bd2 Rb7 45. Rf5 Kd4 46. Be3+ Ke4 47. Rf8 Rc7 48. Bd2 Ra7 49. Re8+
Kf3 50. Re3+ Kxf2 51. Rxd3 Ra3+ 52. Kc4 Rxa2 53. Bxb4 Kg2 54. Kd5 Re2 55.
Bc3 g5 56. Be5 1-0

[Event "XXIV Open"]
[Site "Cappelle La Grande FRA"]
[Date "2008.02.18"]
[Round "3"]
[White "Miedema,R"]
[Black "Degraeve,JM"]
[Result "0-1"]
[WhiteElo "2287"]
[BlackElo "2535"]
[EventDate "2008.02.16"]

1. d4 d6 2. c4 e5 3. d5 f5 4. e4 fxe4 5. Nc3 Nf6 6. Nge2 Bf5 7. Ng3 Bg6 8.
Bg5 Be7 9. Bxf6 gxf6 10. h4 Qd7 11. h5 Bf7 12. f3 Rg8 13. Rh3 f5 14. Nce2
exf3 15. gxf3 Na6 16. Qc2 Rg5 17. Rh1 c6 18. Bh3 cxd5 19. Nxf5 Qc6 20. Nxe7
Kxe7 21. f4 exf4 22. O-O-O Nb4 23. Qb3 Qxc4+ 24. Qxc4 dxc4 25. Nxf4 Nxa2+
26. Kb1 Nb4 27. Rhe1+ Re5 28. Rxe5+ dxe5 29. Rd7+ Kf6 30. Ne2 Bxh5 0-1

[Event "XXIV Open"]
[Site "Cappelle La Grande FRA"]
[Date "2008.02.18"]
[Round "3"]
[White "Forsaa,E"]
[Black "Aveskulov,V"]
[Result "0-1"]
[WhiteElo "2285"]
[BlackElo "2532"]
[EventDate "2008.02.16"]

1. e4 c5 2. Nf3 d6 3. d4 Nf6 4. Nc3 cxd4 5. Nxd4 a6 6. Be3 e5 7. Nb3 Be6 8.
Qd2 Nbd7 9. O-O-O Be7 10. f4 b5 11. f5 Bc4 12. Kb1 h5 13. h3 Rc8 14. Bd3 h4
15. Rhe1 Nb6 16. Qf2 Na4 17. Nxa4 bxa4 18. Bb6 Qd7 19. Bxc4 Rxc4 20. Na5
Rc8 21. c4 O-O 22. Qe2 Qe8 23. c5 dxc5 24. Qxa6 c4 25. Nxc4 Qc6 26. Nxe5
Qc2+ 27. Ka1 a3 28. Bd4 Rfd8 29. Qe2 Qxe2 30. Rxe2 Rxd4 0-1

[Event "XXIV Open"]
[Site "Cappelle La Grande FRA"]
[Date "2008.02.18"]
[Round "3"]
[White "Jaracz,P"]
[Black "Diogo,V"]
[Result "1/2-1/2"]
[WhiteElo "2527"]
[BlackElo "2274"]
[EventDate "2008.02.16"]

1. e4 c5 2. Nf3 d6 3. d4 cxd4 4. Nxd4 Nf6 5. Nc3 a6 6. Be3 e5 7. Nb3 Be6 8.
Qd2 Nbd7 9. f4 Rc8 10. f5 Bxb3 11. axb3 d5 12. Nxd5 Nxe4 13. Qe2 Qh4+ 14.
g3 1/2-1/2

[Event "XXIV Open"]
[Site "Cappelle La Grande FRA"]
[Date "2008.02.18"]
[Round "3"]
[White "Kanep,M"]
[Black "Schuurman,P"]
[Result "1-0"]
[WhiteElo "2523"]
[BlackElo "2271"]
[EventDate "2008.02.16"]

1. Nf3 Nf6 2. c4 b6 3. Nc3 Bb7 4. d4 d5 5. g3 dxc4 6. Qa4+ Nbd7 7. Bg2 e6
8. Bg5 Be7 9. O-O O-O 10. Qxc4 c5 11. Rad1 Qc8 12. dxc5 Nxc5 13. Rc1 h6 14.
Bxf6 Bxf6 15. b4 Nd7 16. Qb3 Qd8 17. Rfd1 Qe7 18. Nb5 Bd5 19. Qa4 Ne5 20.
Nxe5 Bxe5 21. Bxd5 exd5 22. e3 a5 23. bxa5 Rxa5 24. Qb3 Rfa8 25. Rc2 Rd8
26. Rcd2 Qe8 27. Rxd5 Rxd5 28. Rxd5 Bf6 29. Nd6 Qe6 30. Rxa5 bxa5 31. Qxe6
fxe6 32. Kf1 Be7 33. Nc4 a4 34. Ke2 h5 35. Kd3 Kf7 36. Nb6 a3 37. Nc4 Kf6
38. Ke4 g5 39. h3 Bb4 40. g4 hxg4 41. hxg4 1-0

[Event "XXIV Open"]
[Site "Cappelle La Grande FRA"]
[Date "2008.02.18"]
[Round "3"]
[White "Zinchenko,Ya"]
[Black "Piot,O"]
[Result "1-0"]
[WhiteElo "2516"]
[BlackElo "2234"]
[EventDate "2008.02.16"]

1. e4 c5 2. Nf3 d6 3. d4 cxd4 4. Nxd4 Nf6 5. Nc3 a6 6. a4 Nc6 7. Be2 e5 8.
Nb3 Be6 9. Bg5 Be7 10. O-O Nb4 11. Bxf6 Bxf6 12. a5 O-O 13. Ra4 Nc6 14. Nd5
Rc8 15. Bg4 Bg5 16. c3 Kh8 17. Bf5 Ne7 18. Bxe6 fxe6 19. Nb6 Rc6 20. Qg4
Ng6 21. Qxe6 Nf4 22. Qg4 h5 23. Qd1 Rf6 24. Nd5 Rg6 25. g3 Qd7 26. Nxf4
Bxf4 27. Qxh5+ Rh6 28. Qf5 Qe8 29. Rb4 Rc7 30. Qg4 g5 31. Kg2 Rch7 32. Rh1
Qc6 33. gxf4 gxf4 34. Kf1 Rg7 35. Qf5 Rhg6 36. Nd2 d5 37. Rb6 Qe8 38. Rxg6
Rxg6 39. exd5 Rg7 40. Qh3+ Rh7 41. Qe6 Qb5+ 42. c4 Qxb2 43. Qe8+ Kg7 44.
Rg1+ 1-0

[Event "XXIV Open"]
[Site "Cappelle La Grande FRA"]
[Date "2008.02.18"]
[Round "3"]
[White "Popilski,G"]
[Black "Moroz,A"]
[Result "1/2-1/2"]
[WhiteElo "2271"]
[BlackElo "2512"]
[EventDate "2008.02.16"]

1. e4 c5 2. Nf3 Nc6 3. d4 cxd4 4. Nxd4 e5 5. Nb5 d6 6. N1c3 a6 7. Na3 b5 8.
Nd5 Be7 9. c4 b4 10. Nc2 Rb8 11. b3 Nf6 12. Nxf6+ Bxf6 13. g3 O-O 14. Bg2
Be6 15. O-O a5 16. Qd3 Qc7 17. Bb2 a4 18. Rad1 Na5 19. Ne3 Nb7 20. Qc2 Qb6
21. Kh1 Ra8 22. Bc1 axb3 23. axb3 Ra1 24. Nd5 Qa5 25. Nxf6+ gxf6 26. Bh6
Ra2 27. Qd3 Ra8 28. f4 Bg4 29. Rde1 Rb2 30. fxe5 Qa2 31. Rf4 Bh3 32. Bxh3
Rxh2+ 33. Kg1 Rxh3 34. Rg4+ Kh8 35. Bg7+ Kg8 36. Bh6+ Kh8 37. Bg7+ Kg8 38.
Bh6+ 1/2-1/2

[Event "XXIV Open"]
[Site "Cappelle La Grande FRA"]
[Date "2008.02.18"]
[Round "3"]
[White "Kosten,A"]
[Black "Hoolt,S"]
[Result "0-1"]
[WhiteElo "2511"]
[BlackElo "2220"]
[EventDate "2008.02.16"]

1. c4 Nf6 2. g3 g6 3. Bg2 Bg7 4. Nc3 O-O 5. d4 d6 6. h3 Nbd7 7. e4 e5 8. d5
a5 9. Nge2 Nc5 10. Bg5 a4 11. O-O Bd7 12. Qd2 Qc8 13. Kh2 Rb8 14. f4 exf4
15. gxf4 h6 16. Bh4 Re8 17. Ng3 Nh7 18. Rae1 b5 19. cxb5 Bxb5 20. Rf3 Ba6
21. Bf1 Bxf1 22. Rfxf1 Qb7 23. Re2 Qb4 24. Rf3 Qc4 25. Rg2 a3 26. b3 Nxb3
27. axb3 Rxb3 28. Nge2 Rxe4 29. Be1 Re8 30. Re3 Reb8 31. Re4 Qc5 32. Bf2
Bxc3 33. Qc2 Qxd5 34. Re7 Bf6 35. Rxc7 Qd3 36. Rc8+ Rxc8 37. Qxc8+ Kg7 38.
Nc1 Qc3 39. Rxg6+ fxg6 40. Qd7+ Kf8 41. Nxb3 Qxb3 42. Qxh7 a2 43. Qxh6+ Bg7
0-1

[Event "XXIV Open"]
[Site "Cappelle La Grande FRA"]
[Date "2008.02.18"]
[Round "3"]
[White "Igla,B"]
[Black "Edouard,R"]
[Result "0-1"]
[WhiteElo "2270"]
[BlackElo "2507"]
[EventDate "2008.02.16"]

1. d4 Nf6 2. c4 c5 3. d5 e6 4. Nc3 exd5 5. cxd5 d6 6. e4 g6 7. Bd3 Bg7 8.
Nge2 O-O 9. O-O Na6 10. h3 Bd7 11. Bf4 Ne8 12. Qd2 Rb8 13. a4 Nb4 14. Bb1
a6 15. Bg5 Bf6 16. Bh6 Bg7 17. Bg5 f6 18. Be3 Qe7 19. Na2 Nxa2 20. Rxa2 f5
21. exf5 Bxf5 22. Bxf5 Rxf5 23. Ng3 Rf8 24. Re1 Qh4 25. b3 Nc7 26. Rd1 Rbe8
27. Rc2 Re5 28. Rc4 Qe7 29. Rxc5 dxc5 30. d6 Qd7 31. dxc7 Qxc7 32. Kh2 Qc6
33. f4 Ree8 34. Rc1 Rd8 35. Qa5 Rd5 36. Rc4 Bd4 37. Bxd4 cxd4 38. Qb4 Qd7
39. Ne2 d3 40. Nc3 d2 41. Nd1 b5 42. axb5 axb5 43. Re4 Qd6 44. Qxd6 Rxd6
45. Kg1 Rd3 46. b4 Rc8 47. Kf2 Rc4 48. Rxc4 bxc4 49. Ke2 Kf7 0-1

[Event "XXIV Open"]
[Site "Cappelle La Grande FRA"]
[Date "2008.02.18"]
[Round "3"]
[White "Kilpatrick,C"]
[Black "Khruschiov,A"]
[Result "0-1"]
[WhiteElo "2201"]
[BlackElo "2504"]
[EventDate "2008.02.16"]

1. e4 g6 2. d4 Bg7 3. Nc3 c6 4. Nf3 d6 5. h3 Nf6 6. Bd3 O-O 7. O-O Nbd7 8.
Be3 e5 9. dxe5 Nxe5 10. Nxe5 dxe5 11. a4 Be6 12. Qe2 Nh5 13. Bc4 Nf4 14.
Bxf4 exf4 15. Bxe6 fxe6 16. Rad1 Qb6 17. Rd3 Rad8 18. b3 Qc5 19. Nb1 b5 20.
axb5 cxb5 21. Rfd1 Rxd3 22. Rxd3 Rc8 23. c3 Qc6 24. b4 a6 25. f3 Be5 26.
Qd2 Rc7 27. Rd8+ Kf7 28. g4 Ke7 29. Rd3 Qc4 30. Na3 Qb3 31. c4 Qa4 32. c5
a5 33. bxa5 g5 34. Nc2 Qc4 35. Kg2 Qxc5 36. Qb4 Qxb4 37. Nxb4 Bc3 38. Na6
Rc8 39. Nb8 Rxb8 40. Rxc3 b4 41. Rb3 Kd6 42. Kf2 Kc5 43. Ke2 Kc4 44. Rb1 b3
45. Kd2 Rd8+ 0-1

[Event "XXIV Open"]
[Site "Cappelle La Grande FRA"]
[Date "2008.02.18"]
[Round "3"]
[White "Kienitz,A"]
[Black "Gutman,G"]
[Result "1/2-1/2"]
[WhiteElo "2193"]
[BlackElo "2496"]
[EventDate "2008.02.16"]

1. e4 c5 2. Nf3 Nc6 3. d4 cxd4 4. Nxd4 Nf6 5. Nc3 d6 6. Bg5 e6 7. Qd2 Be7
8. O-O-O O-O 9. f3 Nxd4 10. Qxd4 a6 11. h4 Qa5 12. Kb1 b5 13. e5 dxe5 14.
Qxe5 Bb7 15. Ne4 Bxe4 16. fxe4 Rad8 17. Bd3 Bd6 18. Qd4 Bf4 19. Qf2 Be5 20.
Qf3 Qb4 21. Bc1 Nd7 22. a3 Qc5 23. Be3 Qc7 24. c3 Rb8 25. Bc2 a5 26. Bb3
Qc6 27. Rd3 Rb7 28. Rhd1 Nf6 29. Bd4 Bxd4 30. Rxd4 Nd7 31. Qg3 Nc5 32. Bc2
Qc7 33. e5 f5 34. Qf4 Qe7 35. Qd2 1/2-1/2

[Event "XXIV Open"]
[Site "Cappelle La Grande FRA"]
[Date "2008.02.18"]
[Round "3"]
[White "Zubarev,Al1"]
[Black "Baron,Ta"]
[Result "1-0"]
[WhiteElo "2491"]
[BlackElo "2213"]
[EventDate "2008.02.16"]

1. e4 c5 2. Nf3 Nc6 3. d4 cxd4 4. Nxd4 Nf6 5. Nc3 e5 6. Ndb5 d6 7. a4 a6 8.
Na3 Bg4 9. f3 Be6 10. Bc4 Rc8 11. Bg5 Qb6 12. Rb1 Nb4 13. Bb3 Be7 14. Qd2
O-O 15. Be3 Qc7 16. Nd5 Nbxd5 17. exd5 Bf5 18. O-O Nd7 19. a5 Nc5 20. Ba2
Bg6 21. Nc4 f5 22. Nxe5 Be8 23. Rfc1 f4 24. Bd4 Bf6 25. Nc4 Bxd4+ 26. Qxd4
Bg6 27. b4 Nd7 28. Bb3 Kh8 29. Re1 Rce8 30. Re6 Nf6 31. Nxd6 Rd8 32. Qc5
1-0

[Event "XXIV Open"]
[Site "Cappelle La Grande FRA"]
[Date "2008.02.18"]
[Round "3"]
[White "Gosset,A"]
[Black "Banusz,T"]
[Result "1/2-1/2"]
[WhiteElo "2136"]
[BlackElo "2489"]
[EventDate "2008.02.16"]

1. Nf3 d5 2. d4 Nf6 3. c4 c6 4. Nc3 dxc4 5. a4 Bf5 6. Ne5 Nbd7 7. Nxc4 Qc7
8. g3 e5 9. dxe5 Nxe5 10. Bf4 Nfd7 11. Bg2 g5 12. Ne3 gxf4 13. Nxf5 O-O-O
14. Qc2 Ng6 15. O-O fxg3 16. hxg3 h5 17. Rac1 Kb8 18. Rfd1 h4 19. gxh4 Nxh4
20. Nxh4 Rxh4 21. Qf5 Bh6 22. e3 Bxe3 23. fxe3 Rg8 24. Rc2 Qh2+ 25. Kf1
Rhg4 26. Qxd7 Rxg2 27. Rxg2 Qxg2+ 28. Ke1 Qxb2 29. Qd6+ 1/2-1/2

[Event "XXIV Open"]
[Site "Cappelle La Grande FRA"]
[Date "2008.02.18"]
[Round "3"]
[White "Papp,Ga"]
[Black "Karlovich,A"]
[Result "1-0"]
[WhiteElo "2484"]
[BlackElo "2198"]
[EventDate "2008.02.16"]

1. e4 e5 2. Nf3 Nc6 3. Bb5 a6 4. Ba4 d6 5. O-O Bd7 6. d4 Nf6 7. d5 Nb8 8.
Bxd7+ Nbxd7 9. Qe2 g6 10. c4 Bg7 11. Nc3 O-O 12. Ne1 Re8 13. Nd3 Nc5 14. f3
Nxd3 15. Qxd3 Nh5 16. Be3 Qh4 17. Qd2 Qe7 18. b4 f5 19. c5 Bf6 20. Rfc1 h6
21. a4 Bg5 22. Ra2 Bxe3+ 23. Qxe3 Qg5 24. Qxg5 hxg5 25. a5 Nf6 26. h3 Re7
27. c6 bxc6 28. dxc6 Ree8 29. b5 Rec8 30. Rb1 axb5 31. a6 Rcb8 32. a7 Rb6
33. Rxb5 Rxb5 34. Nxb5 Ne8 35. Nc3 Kf7 36. Nd5 Ke6 37. Kf2 1-0

[Event "XXIV Open"]
[Site "Cappelle La Grande FRA"]
[Date "2008.02.18"]
[Round "3"]
[White "Van der Weide,K"]
[Black "L'Henoret,T"]
[Result "1-0"]
[WhiteElo "2483"]
[BlackElo "2112"]
[EventDate "2008.02.16"]

1. e4 c5 2. Nf3 Nc6 3. d4 cxd4 4. Nxd4 Nf6 5. Nc3 e5 6. Ndb5 d6 7. Bg5 a6
8. Na3 b5 9. Bxf6 gxf6 10. Nd5 Bg7 11. Bd3 Ne7 12. Nxe7 Qxe7 13. O-O O-O
14. c3 f5 15. Nc2 Rb8 16. exf5 e4 17. Re1 Bxf5 18. Nb4 a5 19. Nd5 Qe5 20.
Bc2 Bg6 21. Qd2 Kh8 22. Rad1 Rfc8 23. a3 f5 24. Bb3 Qe8 25. Qe3 Bf7 26. Qg5
Qe5 27. f4 Qe6 28. Re3 Bh6 29. Qh4 Rg8 30. Qf2 Bf8 31. Rh3 Bh6 32. Ne3 Qxb3
33. Rxh6 b4 34. Rdxd6 bxc3 35. Rxh7+ Kxh7 36. Qh4+ Bh5 37. Qxh5+ Kg7 38.
Nxf5+ 1-0

[Event "XXIV Open"]
[Site "Cappelle La Grande FRA"]
[Date "2008.02.18"]
[Round "3"]
[White "Lebel Arias,J"]
[Black "Hasangatin,R"]
[Result "0-1"]
[WhiteElo "1948"]
[BlackElo "2481"]
[EventDate "2008.02.16"]

1. d4 Nf6 2. Bg5 Ne4 3. h4 c5 4. d5 Qb6 5. Qc1 c4 6. e3 Qa5+ 7. Nc3 e6 8.
Nge2 e5 9. f3 Nxc3 10. Nxc3 h6 11. Qd2 d6 12. Bxc4 hxg5 13. h5 Be7 14.
O-O-O Nd7 15. g4 Nc5 16. e4 Bd7 17. Kb1 Na4 18. Nb5 Qxd2 19. Rxd2 Rc8 20.
Na3 a6 21. Be2 b5 22. c3 Bd8 23. Rc2 Bb6 0-1

[Event "XXIV Open"]
[Site "Cappelle La Grande FRA"]
[Date "2008.02.18"]
[Round "3"]
[White "Burmakin,V"]
[Black "Melia,S"]
[Result "1/2-1/2"]
[WhiteElo "2611"]
[BlackElo "2362"]
[EventDate "2008.02.16"]

1. d4 d5 2. c4 e6 3. Nc3 Be7 4. cxd5 exd5 5. Bf4 c6 6. e3 Bf5 7. Bd3 Bxd3
8. Qxd3 Bd6 9. Bg3 Ne7 10. Nf3 Na6 11. Bxd6 Qxd6 12. O-O O-O 13. a3 Nc7 14.
b4 Ne6 15. Na4 Nc7 16. Nc5 Rfb8 17. Nb3 Qg6 18. Qxg6 hxg6 19. a4 Na6 20. b5
cxb5 21. axb5 Nc7 22. b6 axb6 23. Ne5 Rxa1 24. Rxa1 Ra8 25. Rc1 Ne6 26. Kf1
f6 27. Nd3 Nc6 28. Rb1 g5 29. Nd2 Ra6 30. Nb4 Nxb4 31. Rxb4 Kf7 32. Nb1 Nc7
33. h3 Ke7 34. Ke2 Kd6 35. Nc3 Kc6 36. Rb2 b5 37. f3 Rb6 38. Kd3 Ra6 39. e4
Ra3 40. Kd2 Ra5 41. Kc2 dxe4 42. fxe4 Na6 43. Kb3 b4 44. Nb1 g4 45. Rc2+
Kd7 46. h4 g3 47. Rd2 Rh5 48. Rd3 Rxh4 49. Nd2 Rg4 1/2-1/2

[Event "XXIV Open"]
[Site "Cappelle La Grande FRA"]
[Date "2008.02.18"]
[Round "3"]
[White "Sokolov,And1"]
[Black "Kanarek,M"]
[Result "0-1"]
[WhiteElo "2594"]
[BlackElo "2348"]
[EventDate "2008.02.16"]

1. e4 e5 2. Nf3 Nc6 3. Bb5 Nf6 4. O-O Nxe4 5. d4 Nd6 6. Bxc6 dxc6 7. dxe5
Nf5 8. Qxd8+ Kxd8 9. Bf4 h6 10. Nc3 Be6 11. g4 Ne7 12. h3 Nd5 13. Bd2 Nxc3
14. Bxc3 Bd5 15. Kg2 Kc8 16. Kg3 b6 17. Nd4 Kb7 18. f4 h5 19. Rad1 hxg4 20.
hxg4 Bc5 21. Nf3 Rad8 22. Ng5 Rdf8 23. a3 Be7 24. Nf3 Rd8 25. Rh1 Rxh1 26.
Rxh1 Be4 27. Rh2 Rd1 28. f5 Rf1 29. Nd2 Rg1+ 30. Kf4 Bxc2 31. Nf3 Rc1 32.
Rh7 Rf1 33. Rxg7 Bd1 34. Rxf7 Rxf3+ 35. Ke4 Bg5 36. e6 Re3+ 37. Kd4 Bb3 38.
Bb4 c5+ 39. Bxc5 bxc5+ 40. Kxc5 Re5+ 0-1

[Event "XXIV Open"]
[Site "Cappelle La Grande FRA"]
[Date "2008.02.18"]
[Round "3"]
[White "Devereaux,M"]
[Black "Spraggett,K"]
[Result "1/2-1/2"]
[WhiteElo "2348"]
[BlackElo "2588"]
[EventDate "2008.02.16"]

1. d4 f5 2. Nc3 d5 3. Bg5 c6 4. e3 Be6 5. Bd3 g6 6. h4 h6 7. Bf4 Nf6 8. Nf3
Nbd7 9. Be5 Rg8 10. Bxf6 Nxf6 11. Ne5 Qd6 12. Ne2 Nd7 13. f4 Nf6 14. a3 Ne4
15. c4 dxc4 16. Nxc4 Bxc4 17. Bxc4 e6 18. Qb3 Rg7 19. h5 b5 20. Bd3 Nf6 21.
Rc1 a6 22. hxg6 Rxg6 23. g3 Qd5 24. Qxd5 cxd5 25. Kf2 Kd7 26. Rc2 Bd6 27.
Rh3 Ng4+ 28. Kf3 Rgg8 29. Rh1 Rgc8 30. Rxc8 Rxc8 31. Nc1 1/2-1/2

[Event "XXIV Open"]
[Site "Cappelle La Grande FRA"]
[Date "2008.02.18"]
[Round "3"]
[White "L'Ami,E"]
[Black "Monsieux,C"]
[Result "1-0"]
[WhiteElo "2581"]
[BlackElo "2338"]
[EventDate "2008.02.16"]

1. d4 Nf6 2. c4 e6 3. Nf3 b6 4. g3 Ba6 5. Nbd2 Bb7 6. Bg2 c5 7. e4 cxd4 8.
e5 Ng4 9. O-O Qc7 10. Re1 d6 11. exd6 Qxd6 12. Ne4 Qd7 13. Nxd4 h5 14. Nb5
1-0

[Event "XXIV Open"]
[Site "Cappelle La Grande FRA"]
[Date "2008.02.18"]
[Round "3"]
[White "Mannion,S"]
[Black "Erdos,V"]
[Result "1-0"]
[WhiteElo "2347"]
[BlackElo "2575"]
[EventDate "2008.02.16"]

1. e4 e6 2. d4 d5 3. Nd2 c5 4. exd5 Qxd5 5. Ngf3 cxd4 6. Bc4 Qd6 7. O-O Nf6
8. Nb3 Nc6 9. Nbxd4 Nxd4 10. Nxd4 a6 11. Re1 Bd7 12. c3 O-O-O 13. Qe2 Qc7
14. a4 Bd6 15. h3 Kb8 16. Be3 Rc8 17. Bxa6 bxa6 18. Qxa6 Ne8 19. Nb5 Qb7
20. Qa5 Rc6 21. Red1 Ra6 22. Qd8+ Qc8 23. Qh4 Ka8 24. c4 Bb8 25. a5 Nf6 26.
Bb6 g5 27. Qd4 e5 28. Qd3 g4 29. h4 Bc6 30. Nd6 Qe6 31. c5 Ra7 32. Bxa7
Kxa7 33. b4 e4 34. Qd4 g3 35. fxg3 Rg8 36. b5 Bd5 37. b6+ Ka8 38. a6 Bc6
39. b7+ Ka7 40. Nc8+ Rxc8 41. bxc8=Q Qxc8 42. Qxf6 Bxg3 43. Qxf7+ Ka8 44.
Qe7 Bc7 45. Rf1 1-0